| 000 | 00591nam a2200193 i 4500 | ||
|---|---|---|---|
| 001 | 75668 | ||
| 003 | ES-MaACL | ||
| 005 | 20250722131824.0 | ||
| 007 | t| | ||
| 008 | 040927s1973 sp ||||1| spa d | ||
| 100 | 1 |
_aGrey, Marina. _959969 |
|
| 245 | 1 | 4 |
_aLos ejércitos blancos / _cMarina Grey y Jean Bourdier ; [versión de Basilio Losada]. |
| 260 |
_aBarcelona : _bLuis de Caralt, _c[1973] |
||
| 300 |
_a336 p., 8 lám. ; _c23 cm. |
||
| 700 | 1 |
_aBourdier, Jean. _930963 |
|
| 700 | 1 |
_aLosada, Basilio, _d1930- _974251 |
|
| 852 |
_aES-MaACL _jC-54852 _bR.87546 |
||
| 999 |
_c75668 _d75668 |
||